| 000 | 01271cad a22002415a 4500 | ||
|---|---|---|---|
| 001 | E147413 | ||
| 008 | 090511s2009 xxk f 000 0 eng d | ||
| 020 | _a9781906752453 | ||
| 035 | _a(Sirsi) u147413 | ||
| 041 | 0 | _aeng | |
| 050 | 0 | 4 | _a333.72 $2 18 |
| 110 | 2 |
_aAudit Scotland _93963 |
|
| 245 | 0 | 0 |
_aAsset management in local government _h[electronic resource] |
| 260 |
_aEdinburgh _bAudit Scotland _c2009 |
||
| 505 | 2 | _aSummary -- Introduction -- A significant number of council buildings do not meet service needs -- Councils can improve their asset management arrangements -- Improved asset management and partnership working can improve council efficiency -- Appendices | |
| 520 | _aReports on a study aimed at assessing the effectiveness of councils' asset management, and whether value for money is being achieved. Fixed assets managed by local authorities include property (buildings and land), infrastructure assets such as roads and bridges, vehicles, plant and machinery, and IT hardware. | ||
| 521 | _aAdvanced | ||
| 590 | _aKA | ||
| 651 | 4 |
_aScotland _y1999- |
|
| 690 |
_aBlock management _96220 |
||
| 856 | 4 | 0 |
_uhttps://www.audit-scotland.gov.uk/media/article.php?id=108 _zView the report free of charge at www.audit-scotland.gov.uk... |
| 942 | _n0 | ||
| 999 |
_c109543 _d109543 |
||